Spôsoby odpisovania hmotného majetku

Odpisovanie je postupné započítavanie odpisov hmotného majetku, používaného pri výkone podnikateľskej činnosti, do daňových výdavkov. Odpisy znižujú základ dane z príjmov a tým aj výšku dane. Ilustračné príklady.

Na minha lista:
Detalhes bibliográficos
Autor principal: Strählová, Jarmila
Formato: Capítulo de Livro
Idioma:eslovaco
Assuntos:
Tags: Adicionar Tag
Sem tags, seja o primeiro a adicionar uma tag!

MARC

LEADER 00000naa a2200000 4500
001 0242910
005 20221104110908.4
041 0 |a slo 
044 |a SK 
245 1 0 |a Spôsoby odpisovania hmotného majetku  |c Jarmila Strählová 
520 |a Odpisovanie je postupné započítavanie odpisov hmotného majetku, používaného pri výkone podnikateľskej činnosti, do daňových výdavkov. Odpisy znižujú základ dane z príjmov a tým aj výšku dane. Ilustračné príklady. 
610 2 0 |a odpisy 
610 2 0 |a majetok hmotný 
610 2 0 |a výdavky daňové 
610 2 0 |a dane z príjmov 
100 1 |a Strählová, Jarmila